Euro Area in the Conditions of Global Imbalance

Stav súčasnej globálnej ekonomiky, globálne porušenie rovnováhy a pretrvávajúca kríza. Pozícia eurozóny v čase globálneho narušenia rovnováhy. Vývoj niektorých makroekonomických ukazovateľov.

Uložené v:
Podrobná bibliografia
Hlavný autor: Kotlebová, Jana, 1969-
Médium: Kapitola
Jazyk:English
Predmet:
Tagy: Pridať tag
Žiadne tagy, Buďte prvý, kto otaguje tento záznam!

MARC

LEADER 00000nla$a2200000$$$4500
001 0136593
005 20240517112749.2
041 0 |a eng 
044 |a TR 
245 1 0 |a Euro Area in the Conditions of Global Imbalance  |c Jana Kotlebová 
520 |a Stav súčasnej globálnej ekonomiky, globálne porušenie rovnováhy a pretrvávajúca kríza. Pozícia eurozóny v čase globálneho narušenia rovnováhy. Vývoj niektorých makroekonomických ukazovateľov. 
610 2 0 |a eurozóna 
610 2 0 |a rast hospodársky nerovnovážny 
610 2 0 |a úspory 
610 2 0 |a investície 
610 2 0 |a ukazovatele makroekonomické 
610 2 0 |a kríza 
100 1 |a Kotlebová, Jana, 1969-